Anarchie a řád ve světové politice [kapitoly z teorie mezinárodních vztahů]

Na minha lista:
Detalhes bibliográficos
Autor principal: Barša, Pavel
Outros Autores: Císař, Ondřej
Formato: Livro
Idioma:tcheco
Publicado em: Praha Portál 2008
Assuntos:
Tags: Adicionar Tag
Sem tags, seja o primeiro a adicionar uma tag!

MARC

LEADER 00000nam$a2200000$$$4500
001 0116713
005 20230113120033.7
020 |a 978-80-7367-094-8 
041 0 |a cze 
044 |a CZ 
245 1 0 |a Anarchie a řád ve světové politice  |b [kapitoly z teorie mezinárodních vztahů]  |c Pavel Barša, Ondřej Císař 
264 1 |a Praha  |b Portál  |c 2008 
300 |a 559 s. 
610 2 0 |a vzťahy medzinárodné 
610 2 0 |a politika svetová 
610 2 0 |a smery filozofické 
610 2 0 |a liberalizmus 
610 2 0 |a kultúra 
610 2 0 |a politika 
610 2 0 |a integrácia ekonomická medzinárodná 
610 2 0 |a globalizácia 
610 2 0 |a spravodlivosť sociálna 
610 2 0 |a demokracia 
100 1 |a Barša, Pavel 
700 1 |a Císař, Ondřej